000
00288nam a22001097a 4500
008
230704b xxu||||| |||| 00| 0 eng d
082
_a
341.08
_b
TIT 1960
245
_a
Survey of International Affairs 1955-1956
260
_b
Oxford University Press
_c
1960
300
_a
327p
942
_2
ddc
_c
BK
999
_c
3721
_d
3721